| 000 | 03691cam a2200409 i 4500 | ||
|---|---|---|---|
| 999 |
_c48561 _d48561 |
||
| 003 | BJBSDDR | ||
| 005 | 20230410115821.0 | ||
| 007 | ta | ||
| 008 | 131017s2014 nyu 000 0 eng | ||
| 020 | _a9780399165313 (hardback) | ||
| 020 | _a0399165312 (hardback) | ||
| 040 |
_aDLC _bspa _cDLC |
||
| 041 | _aeng | ||
| 042 | _apcc | ||
| 050 | 1 | 4 |
_aHM 846 _bH386h 2014 |
| 082 | 0 | 0 | _a303.48 |
| 100 | 1 | _aHavens, John C. | |
| 245 | 1 | 0 |
_aHacking h(app)iness : _bwhy your personal data counts and how tracking it can change the world / _cJohn C. Havens. |
| 246 | 1 | _aHacking happiness | |
| 264 | 1 |
_aNew York : _bTarcher, _c[2014] |
|
| 300 |
_axxxvi, 268 p. ; _c24 cm |
||
| 505 | 8 | _aMachine generated contents note: Introduction -- SECTION ONE - Identity and Measurement in the Connected World -- Chapter One: Your Identity in the Connected World Chapter Two: Accountability Based Influence Chapter Three: Personal Identity Management Chapter Four: Mobile Sensors Chapter Five: Quantified Self Chapter Six: The Internet of Things Chapter Seven: Artificial Intelligence -- SECTION TWO - Broadcasting Value in the Personal Data Economy -- Chapter Eight: Big Data Chapter Nine: Augmented Reality Chapter Ten: Virtual Currency Chapter Eleven: Shared Value Chapter Twelve: From Consumer to Creator -- SECTION THREE - Promoting Personal and Public Well-Being -- Chapter Thirteen: The Economy of Regard Chapter Fourteen: Positive Psychology Chapter Fifteen: Flow Chapter Sixteen: Altruism Chapter Seventeen: The Value of a Happiness Economy Chapter Eighteen: Beyond GDP Chapter Nineteen: Getting H(app)y Chapter Twenty: Hacking H(app)iness -- SECTION FOUR - Hacking your H(app)iness -- Acknowledgements Endnotes . | |
| 520 |
_a"In Hacking Happiness, futurist and contributing Mashable writer John C. Havens introduces you to your "quantified self"-your digital identity represented by gigabytes of data produced from tracking your activities on your smartphone and computer. Harvested by megacorporations such as Google, Facebook, and Amazon, Havens argues that companies gather this data because of its immense economic value, encouraging a culture of "sharing" as they hoard the information based on our lives for private monetary gain. But there's an alternative to this digital dystopia. Emerging technologies will help us reclaim this valuable data for ourselves, so we can directly profit from the insights linked to our quantified selves. At the same time, sensors in smartphones and wearable devices will help us track our emotions to improve our well-being based on the science of positive psychology. Havens proposes that these trends will lead to new economic policies that redefine the meaning of "wealth," allowing governments to create policy focused on purpose rather than productivity. An issues book highlighting the benefits of an examined life in the digital world, this timely work takes the trepidation out of the technological renaissance and illustrates how the fruits of the Information Age can improve our lives for a happier humanity"-- _cProvided by publisher. |
||
| 650 | 0 |
_aTechnological innovations _xSocial aspects. |
|
| 650 | 0 | _aSelf-monitoring. | |
| 650 | 0 |
_aData mining _xSocial aspects. |
|
| 650 | 0 | _aWell-being. | |
| 650 | 0 | _aHappiness. | |
| 650 | 4 |
_aInnovaciones tecnológicas _91640 _xAspectos sociales |
|
| 650 | 4 |
_aAutocontrol _912950 |
|
| 650 | 4 |
_aProcesamiento de datos _910794 _xAspectos sociales |
|
| 650 | 4 |
_aBienestar _96412 |
|
| 650 | 4 |
_aFelicidad _95325 |
|
| 856 | 4 | 2 |
_3Cover image _uftp://ppftpuser:welcome@ftp01.penguingroup.com/Booksellers and Media/Covers/2008_2009_New_Covers/9780399165313.jpg |
| 942 |
_2lcc _cBK |
||
| 946 | _ilmm | ||